000
00238nam a2200097Ia 4500
082
_a
EKF GOOD
245
0
_a
Dr. White
100
_a
GOODALL, Jane New York, 2003
_9
93000
942
_c
BK
008
210817s9999 xx 000 0 und d
999
_c
379733
_d
379731